Normal view
MARC view
- المستوطنات الإسرائيلية -- فلسطين -- الاستيطان الإسرائيلي -- فلسطين -- الصهيونية -- تاريخ
Entry Topical Term
001 - CONTROL NUMBER
- control field: 48463
003 - CONTROL NUMBER IDENTIFIER
- control field: JO-AjAnu
005 - DATE AND TIME OF LATEST TRANSACTION
- control field: 20230606082007.0
008 - FIXED-LENGTH DATA ELEMENTS
- fixed length control field: 230606|| aca||aabn | a|a d
040 ## - CATALOGING SOURCE
- Original cataloging agency: JO-AjAnu
- Transcribing agency: JO-AjAnu
150 ## - HEADING--TOPICAL TERM
- Topical term or geographic name entry element: المستوطنات الإسرائيلية -- فلسطين -- الاستيطان الإسرائيلي -- فلسطين -- الصهيونية -- تاريخ
670 ## - SOURCE DATA FOUND
- Source citation: Work cat.: (JO-AjAnu)24793: ترجمة وإعداد علي نجم الدين؛ مراجعة عزيز حيدر, author 48462, موسوعة المستوطنات الصهيونية في فلسطين (1870-2012)